000 00929nam a2200289 i 4500
003 DO-SdBNP
005 20260220124551.0
007 ta
008 221019b2012 dr ||||| |||| 00| 0 spa d
020 _a9789945455779
040 _aDO-SdBNP
_bspa
_cBNPHU
_erda
041 _aspa
082 4 _aRD861.44
_bB483o
_222
100 1 _aBeras Porrata, Miriam
_d1930-2009
_eautor
_4aut.
_964176
245 1 0 _aOfrecer el corazón /
_cMirian Berras Porrata.
264 4 _aSanto Domingo :
_bEditorial Isla Negra,
_c2012.
300 _a79 páginas ;
_c22 cm.
336 _atexto
_btxt
_2rdacontent
337 _asin mediación
_bn
_2rdamedia
338 _avolumen
_bnc
_2rdacarrier
500 _aIncluye datos biográficos de la autora en la solapa de la cubierta
590 _aInventariado, 2022/BT
650 4 _aPoesía dominicana
650 4 _aLiteratura dominicana
910 _aValidado. Control de calidad MFF
942 _2ddc
_cLBS1
999 _c52586
_d52586